| 000 | 02017cad a22002775a 4500 | ||
|---|---|---|---|
| 001 | L149291 | ||
| 008 | 091103s2010 xxkad f s 000 0 eng d | ||
| 035 | _a(Sirsi) u149291 | ||
| 041 | 0 | _aeng | |
| 050 | 0 | 4 | _a333.33 $2 18 |
| 110 | 2 |
_aRoyal Institution of Chartered Surveyors _bEconomics _95033 |
|
| 245 | 0 | 0 |
_aRICS global commercial property survey United Kingdom _bQ4 2009 _h[electronic resource] |
| 260 |
_aLondon _bRICS _c2010 |
||
| 490 | 0 |
_aRICS Global Commercial Property Survey United Kingdom _vQ4 2009 |
|
| 520 | _aAn investment led property recovery has spread to a wider number of real estate markets with investor transactions rising across 70% of markets lead by with Brazil and China. Lettings? confidence over the next three months has picked up across most major markets and the outlook for capital values is viewed more positively as is the occupier market across the leading emerging economies, notably BRIC. Agents report that available space continues to rise across more than 90% of the global property markets surveyed. The development pipeline continues to weaken across most markets outside of emerging Asia and Latin America. | ||
| 520 | _aAlso separate additional comments on the global survey. | ||
| 520 | _aAlso separate regional commercial property surveys for the Americas; Europe; India; Oceania; and United Arab Emirates. | ||
| 590 | _aKA | ||
| 650 | 2 | 4 | _aRICS GLOBAL COMMERCIAL PROPERTY SURVEY |
| 651 | 4 | _aInternational | |
| 690 | _aPROPERTY-COMMERCIAL PROPERTY-COMMERCIAL PROPERTY MARKET | ||
| 856 | 4 | 0 |
_uhttps://www.rics.org/site/download_feed.aspx?fileID=5903&fileExtension=PDF _zView the survey free of charge at www.rics.org... |
| 856 | 4 | 0 |
_uhttps://www.rics.org/site/scripts/download_info.aspx?downloadID=4783 _zView the additional comments on the global survey free of charge at www.rics.org |
| 856 | 4 | 0 |
_uhttps://www.rics.org/site/scripts/download_info.aspx?downloadID=4783 _zView the regional commercial property surveys free of charge at www.rics.org |
| 942 | _n0 | ||
| 999 |
_c110458 _d110458 |
||